Top 25 Najpopularniejsze Albumy Rapowe - Statystyki

Ogólne statystyki
  • Ten quiz został rozwiązany 4 razy
  • Średni wynik to 14 z 25
Statystyki odpowiedzi
Hint Odpowiedź % Poprawnych
2017 DAMN.
100%
2018 Scorpion
100%
2016 Views
100%
2018 ASTROWORLD
75%
2021 Certified Lover Boy
75%
2022 HEROES & VILLAINS
75%
2023 UTOPIA
75%
2018 ?
50%
2014 2014 Forest Hills Drive
50%
2018 beerbongs & bentleys
50%
2016 Birds In The Trap Sing McKnight
50%
2003 Get Rich Or Die Tryin'
50%
2018 Goodbye & Good Riddance
50%
2012 good kid, m.A.A.d city
50%
2007 Graduation
50%
2020 Legends Never Die
50%
2017 Luv Is Rage 2
50%
2017 More Life
50%
2020 Shoot For The Stars Aim For The Moon
50%
2023 Spider-Man: Into the Spider-Verse
50%
2011 Take Care
50%
2002 The Eminem Show
50%
2019 Death Race For Love
25%
2021 Planet Her
25%
2012 The Heist
25%
Nie znaleziono quizów pasujących do podanych kryteriów
Rozkład punktacji
Procent ludzi z każdym wynikiem
Percentyl według liczby udzielonych odpowiedzi
Twoja historia wyników
Nie rozwiązałeś tego quizu